Tribhuvan University Central Library
Normal view MARC view
  • Johnstone, R. A. W.

Entry Personal Name

Number of records used in: 1

001 - CONTROL NUMBER

  • control field: 7939

003 - CONTROL NUMBER IDENTIFIER

  • control field: OSt

005 - DATE AND TIME OF LATEST TRANSACTION

  • control field: 20110103161544.0

008 - FIXED-LENGTH DATA ELEMENTS

  • fixed length control field: 110103|||a|||||| | ||| d

040 ## - CATALOGING SOURCE

  • Original cataloging agency: OSt
  • Transcribing agency: OSt

100 ## - HEADING--PERSONAL NAME

  • Personal name: Johnstone, R. A. W.

670 ## - SOURCE DATA FOUND

  • Source citation: Work cat.: (OSt): Rose, M. E. 7938, Mass cpectrometry for chemists and biochemist, 1982

670 ## - SOURCE DATA FOUND

  • Source citation: Work cat.: (OSt): Rose, M. E. 7938, Mass cpectrometry for chemists and biochemist, 1982